[Event "Quebec op U1400"]
[Site "Laval CAN"]
[Date "2022.09.06"]
[Round "9.75"]
[White "Fakhany, Fahrid-Michel"]
[Black "Rauch, Damian"]
[Result "0-1"]
[WhiteElo "1240"]
[BlackElo "1344"]
[PlyCount "76"]
[EventDate "2022.09.01"]
[EventType "swiss"]
[EventRounds "9"]
[EventCountry "CAN"]

1. c4 e6 2. Nc3 d5 3. d4 Nf6 4. e3 c5 5. Nf3 Nc6 6. cxd5 exd5 7. dxc5 Bxc5 8.
Be2 O-O 9. O-O h6 10. a3 a5 11. Qc2 Qe7 12. Rd1 Be6 13. Na4 Ba7 14. Nc3 Rfd8
15. Nb5 Bc5 16. Nbd4 Bg4 17. Nf5 Qf8 18. h3 Bh5 19. Ng3 Bg6 20. Bd3 Bxd3 21.
Qxd3 Ne4 22. Nf1 Qe7 23. Qc2 Rac8 24. Qe2 Rd6 25. Bd2 Rg6 26. Bc3 Nxc3 27. bxc3
Rd8 28. Nd4 Bxa3 29. Rab1 Bd6 30. g3 Qd7 31. Kh2 Re8 32. f4 Nxd4 33. cxd4 Bb4
34. Qf3 Rc6 35. Rbc1 a4 36. Qe2 Rec8 37. Qb5 Rc2+ 38. Rxc2 Rxc2+ 0-1

[Event "Quebec op U1400"]
[Site "Laval CAN"]
[Date "2022.09.06"]
[Round "9.77"]
[White "Normand, Louis"]
[Black "Ouimet, Alain"]
[Result "1-0"]
[WhiteElo "1271"]
[BlackElo "1225"]
[PlyCount "73"]
[EventDate "2022.09.01"]
[EventType "swiss"]
[EventRounds "9"]
[EventCountry "CAN"]

1. d4 d6 2. e4 Nf6 3. Nc3 c6 4. Nf3 g6 5. Be3 Bg7 6. h3 O-O 7. Qd2 Nbd7 8.
O-O-O Nb6 9. Be2 e5 10. dxe5 Nfd7 11. exd6 Re8 12. Bd4 Nf6 13. e5 Nfd5 14. g4
Be6 15. a3 Qd7 16. Ng5 Rec8 17. Nxe6 fxe6 18. g5 Rf8 19. Ne4 Qd8 20. Nf6+ Kh8
21. h4 Nd7 22. h5 N5xf6 23. gxf6 Nxf6 24. exf6 Bxf6 25. hxg6 Qd7 26. Rxh7+ Qxh7
27. gxh7 e5 28. Be3 Rf7 29. Rh1 b6 30. Bc4 Rg7 31. d7 b5 32. Qd6 Be7 33. Qxc6
Rf8 34. Bxb5 Bd8 35. Bh6 Bg5+ 36. Bxg5 Rxg5 37. d8=Q 1-0

[Event "Quebec op U1400"]
[Site "Laval CAN"]
[Date "2022.09.06"]
[Round "9.78"]
[White "Gurevitch, Benjamin"]
[Black "Khatchikian, Eva"]
[Result "0-1"]
[WhiteElo "1325"]
[BlackElo "1214"]
[PlyCount "83"]
[EventDate "2022.09.01"]
[EventType "swiss"]
[EventRounds "9"]
[EventCountry "CAN"]

1. e4 e5 2. Bc4 Bc5 3. Nf3 Nc6 4. c3 Nf6 5. d4 exd4 6. cxd4 Bb4+ 7. Bd2 Bxd2+
8. Nbxd2 d6 9. O-O Bg4 10. Re1 Nxd4 11. e5 dxe5 12. Rxe5+ Kf8 13. Re3 Nxf3+ 14.
Nxf3 Qxd1+ 15. Rxd1 Re8 16. Rde1 Bxf3 17. gxf3 g6 18. Rxe8+ Nxe8 19. Kg2 Nd6
20. Bb3 Rg8 21. Rc1 c6 22. Rd1 Ke7 23. Kg3 Rd8 24. Re1+ Kf6 25. Rd1 Nf5+ 26.
Kg2 Rxd1 27. Bxd1 Ke5 28. Bb3 f6 29. Bg8 h6 30. Bh7 g5 31. Bxf5 Kxf5 32. Kg3 h5
33. h4 gxh4+ 34. Kxh4 Kf4 35. Kxh5 Kxf3 36. Kg6 Kxf2 37. Kxf6 Ke2 38. Ke6 Kd2
39. Kd7 Kc2 40. b3 Kb2 41. Kc7 Kxa2 42. Kxb7 0-1

[Event "Quebec op U1400"]
[Site "Laval CAN"]
[Date "2022.09.06"]
[Round "9.79"]
[White "Imbeault, Marc"]
[Black "Ivanov, Yuan Maksin"]
[Result "0-1"]
[WhiteElo "1226"]
[BlackElo "1020"]
[PlyCount "50"]
[EventDate "2022.09.01"]
[EventType "swiss"]
[EventRounds "9"]
[EventCountry "CAN"]

1. e4 e5 2. Nf3 Nc6 3. Bc4 Bc5 4. d3 Nf6 5. c3 d6 6. Nbd2 Be6 7. O-O h6 8. b4
Bb6 9. Qb3 Bxc4 10. dxc4 a6 11. Ba3 O-O 12. Rad1 Qe7 13. Qb2 Rfd8 14. h3 Nh5
15. Nb3 Qf6 16. c5 dxc5 17. bxc5 Ba7 18. Nbd2 Nf4 19. Kh2 Rd3 20. Nc4 Rxf3 21.
Ne3 Qh4 22. Rh1 Rxf2 23. Qxf2 Qxf2 24. Rde1 Nd3 25. Ng4 Qf4+ 0-1

[Event "Quebec op U1400"]
[Site "Laval CAN"]
[Date "2022.09.06"]
[Round "9.80"]
[White "Fallet, Maurice"]
[Black "Mickelson, Jonah"]
[Result "1/2-1/2"]
[WhiteElo "1224"]
[BlackElo "1160"]
[PlyCount "57"]
[EventDate "2022.09.01"]
[EventType "swiss"]
[EventRounds "9"]
[EventCountry "CAN"]

1. d4 d5 2. c4 e6 3. g3 Nf6 4. Bg2 c6 5. Nf3 Bd6 6. Nc3 O-O 7. O-O Nbd7 8. b3
b6 9. a3 Ba6 10. Re1 Rc8 11. cxd5 cxd5 12. Bb2 Rc7 13. Nd2 Qc8 14. Rc1 Rd8 15.
b4 Be7 16. e4 dxe4 17. Ndxe4 Ne5 18. Nxf6+ Bxf6 19. b5 Bb7 20. Ne4 Bxe4 21.
Bxe4 Ng6 22. Rc6 Ne7 23. Rxc7 Qxc7 24. Qd3 Ng6 25. Rc1 Qb8 26. Qc4 Ne7 27. Qd3
Ng6 28. Qc4 Nf8 29. Ba1 1/2-1/2

[Event "Quebec op U1400"]
[Site "Laval CAN"]
[Date "2022.09.06"]
[Round "9.81"]
[White "Michel, Andie"]
[Black "Soskic, Milan"]
[Result "1-0"]
[WhiteElo "1239"]
[BlackElo "1306"]
[PlyCount "69"]
[EventDate "2022.09.01"]
[EventType "swiss"]
[EventRounds "9"]
[EventCountry "CAN"]

1. e4 c5 2. Nc3 d6 3. Bc4 e6 4. Nf3 Nc6 5. a3 a6 6. d4 cxd4 7. Nxd4 Nf6 8. Nxc6
bxc6 9. e5 Nd5 10. Bb3 Nxc3 11. bxc3 d5 12. O-O Bc5 13. Qg4 g6 14. Bg5 Be7 15.
Bh6 f5 16. exf6 Bxf6 17. Qf3 e5 18. Rfe1 Bf5 19. Rad1 e4 20. g4 Qd7 21. gxf5
Qxf5 22. Qxf5 gxf5 23. Ba4 O-O-O 24. Bxc6 Bxc3 25. Re2 d4 26. Rb1 Rhg8+ 27. Kf1
Kc7 28. Bb7 Rg6 29. Bf4+ Kd7 30. Bd5 Ke8 31. Bc4 a5 32. Rb7 Rg4 33. Be5 Kf8 34.
Rf7+ Ke8 35. Bf6 1-0

[Event "Quebec op U1400"]
[Site "Laval CAN"]
[Date "2022.09.06"]
[Round "9.82"]
[White "Chairez Miranda, Hector Jesus"]
[Black "Laramee-Lamoureux, Mickael"]
[Result "0-1"]
[WhiteElo "1270"]
[BlackElo "1374"]
[PlyCount "78"]
[EventDate "2022.09.01"]
[EventType "swiss"]
[EventRounds "9"]
[EventCountry "CAN"]

1. d4 Nf6 2. Nf3 e6 3. Nc3 Bb4 4. Bd2 O-O 5. e3 b6 6. a3 Be7 7. g3 Bb7 8. Bg2
c5 9. O-O h5 10. Ne2 Nh7 11. c3 g5 12. h3 g4 13. hxg4 hxg4 14. Ne5 Bxg2 15.
Kxg2 f5 16. Nf4 Rf6 17. Qb3 Bf8 18. d5 Qe8 19. c4 Bh6 20. Bc3 Bxf4 21. exf4
exd5 22. cxd5 d6 23. Rae1 dxe5 24. fxe5 f4 25. exf6 f3+ 26. Kg1 Qh5 27. d6+ Kf8
28. Qe6 Nc6 29. d7 Ng5 30. Qd6+ Kf7 31. Re7+ Nxe7 32. Qxe7+ Kg6 33. Qe8+ Nf7
34. Qxa8 Qh3 35. Qe4+ Kh5 36. Qf5+ Ng5 37. Qxg5+ Kxg5 38. Bd2+ Kf5 39. d8=Q
Qg2# 0-1

[Event "Quebec op U1400"]
[Site "Laval CAN"]
[Date "2022.09.06"]
[Round "9.83"]
[White "Poulin, Roxane"]
[Black "Couture, Francois"]
[Result "1-0"]
[WhiteElo "1276"]
[BlackElo "1246"]
[PlyCount "71"]
[EventDate "2022.09.01"]
[EventType "swiss"]
[EventRounds "9"]
[EventCountry "CAN"]

1. e4 e5 2. Nf3 Nc6 3. Nc3 Nf6 4. d4 exd4 5. Nxd4 d6 6. Bc4 Ne5 7. Bb3 a6 8.
Bf4 Ng6 9. Be3 c5 10. Nf3 Be7 11. O-O O-O 12. Qe2 Bd7 13. Rfd1 Qc7 14. Nd5 Nxd5
15. Bxd5 Bf6 16. c3 Ne7 17. Bf4 Nxd5 18. Rxd5 Rfe8 19. Bxd6 Qc6 20. Rad1 Be6
21. Rxc5 Qb6 22. b3 Be7 23. Bxe7 Rxe7 24. Rg5 Rd8 25. Rxd8+ Qxd8 26. h3 Rd7 27.
Rc5 h6 28. Nd4 Qe7 29. Nxe6 Qxe6 30. Rc8+ Kh7 31. Qg4 Rd1+ 32. Kh2 Qe5+ 33. g3
g6 34. Qxd1 Qxe4 35. Qd8 Kg7 36. Qh8# 1-0

[Event "Quebec op U1700"]
[Site "Laval CAN"]
[Date "2022.09.01"]
[Round "1.39"]
[White "Avarian, Aram Sevag"]
[Black "Guillemette, Sebastien"]
[Result "1-0"]
[WhiteElo "1657"]
[BlackElo "1495"]
[PlyCount "91"]
[EventDate "2022.09.01"]
[EventType "swiss"]
[EventRounds "9"]
[EventCountry "CAN"]

1. e4 e5 2. Nf3 Nc6 3. d4 exd4 4. Nxd4 Bc5 5. Nb3 Bb6 6. Nc3 Nf6 7. Qe2 d6 8.
Be3 Qe7 9. f3 Be6 10. O-O-O h6 11. Nd4 Nxd4 12. Bxd4 Bxd4 13. Rxd4 O-O 14. g4
c6 15. h4 Nd7 16. f4 Qf6 17. Qd2 Bxg4 18. Rxd6 Qe7 19. Rg1 h5 20. Rxg4 hxg4 21.
Rxd7 Qxh4 22. Rd3 Rad8 23. Nd1 g6 24. Ne3 Rxd3 25. cxd3 g3 26. Ng2 Qh1 27. Qe2
Kg7 28. Qf3 Rh8 29. Kd2 Qg1 30. Ke2 Rh1 31. Ne3 a5 32. f5 Qh2+ 33. Ng2 g5 34.
f6+ Kh6 35. e5 Qh3 36. Ne3 Rh2+ 37. Bg2 Kh7 38. Kf1 Qd7 39. Qe4+ Kg8 40. Nf5
Qd8 41. Qe3 Kh8 42. Qxg3 Rh5 43. Be4 Qf8 44. Qg4 Rh7 45. Ne7 Qh6 46. Qc8+ 1-0

[Event "Quebec op U1700"]
[Site "Laval CAN"]
[Date "2022.09.01"]
[Round "1.40"]
[White "Smirnov, Arteme-Iouri"]
[Black "Masse-Garneau, Anthony"]
[Result "1-0"]
[WhiteElo "1495"]
[BlackElo "1600"]
[PlyCount "117"]
[EventDate "2022.09.01"]
[EventType "swiss"]
[EventRounds "9"]
[EventCountry "CAN"]

1. e4 c5 2. Nc3 e6 3. f4 d5 4. Bb5+ Nc6 5. Nf3 d4 6. Ne2 Nf6 7. e5 Nd5 8. Bxc6+
bxc6 9. d3 Be7 10. O-O O-O 11. Qe1 f5 12. Kh1 Bd7 13. Bd2 Be8 14. Rg1 Bh5 15.
h3 Bxf3 16. gxf3 Bh4 17. Qf1 a6 18. Qg2 Ra7 19. Ng3 Qe8 20. Nf1 Qh5 21. Ng3 Qh6
22. Ne2 Kh8 23. Rab1 Rg8 24. Qh2 g6 25. b4 Be7 26. bxc5 Bxc5 27. Rb2 Nc3 28.
Re1 Nb5 29. Reb1 Na3 30. Rc1 Qg7 31. Bb4 Bxb4 32. Rxb4 c5 33. Rb3 Nb5 34. Rcb1
Nc7 35. Rb7 Rxb7 36. Rxb7 Qd7 37. Rb3 Nd5 38. Qg1 Qa4 39. Qb1 Qe8 40. Rb7 Qa8
41. Kg2 g5 42. Kf2 gxf4 43. Rd7 Rd8 44. Rf7 Qb8 45. Qb7 Qxb7 46. Rxb7 Nb4 47.
Nxf4 Nxc2 48. Nxe6 Re8 49. Ng5 Kg8 50. Nxh7 Rxe5 51. Nf6+ Kf8 52. Nd7+ Ke7 53.
Nxe5+ Kd6 54. Nc4+ Kc6 55. Rb6+ Kc7 56. h4 Ne3 57. Nxe3 dxe3+ 58. Kxe3 Kxb6 59.
h5 1-0

[Event "Quebec op U1700"]
[Site "Laval CAN"]
[Date "2022.09.01"]
[Round "1.41"]
[White "Novozhenin, Oleksandr"]
[Black "Nguyen, Tuong Luc"]
[Result "1-0"]
[WhiteElo "1593"]
[BlackElo "1493"]
[PlyCount "58"]
[EventDate "2022.09.01"]
[EventType "swiss"]
[EventRounds "9"]
[EventCountry "CAN"]

1. c4 e6 2. d4 d5 3. cxd5 exd5 4. Nf3 Nf6 5. g3 c5 6. Bg2 Nc6 7. O-O Be7 8. Nc3
h6 9. Bf4 O-O 10. h3 cxd4 11. Nxd4 Qb6 12. Nxc6 bxc6 13. Qc2 Ba6 14. Be3 Qb4
15. Bd2 Qb7 16. Rfe1 Rad8 17. Na4 Bb5 18. Ba5 Rde8 19. Nc5 Bxc5 20. Qxc5 Ne4
21. Qc2 Qa6 22. b4 Nf6 23. e3 Rc8 24. a3 Rb8 25. Bc7 Bd3 26. Qc3 Rb7 27. Ba5
Bb5 28. Red1 Ne4 29. Qc2 Ng5 {illisible} 1-0

[Event "Quebec op U1700"]
[Site "Laval CAN"]
[Date "2022.09.01"]
[Round "1.42"]
[White "Berube, Maximilien"]
[Black "Harper, Jonathan"]
[Result "0-1"]
[WhiteElo "1480"]
[BlackElo "1590"]
[PlyCount "104"]
[EventDate "2022.09.01"]
[EventType "swiss"]
[EventRounds "9"]
[EventCountry "CAN"]

1. c4 e6 2. Nf3 Nf6 3. d4 d5 4. g3 Bb4+ 5. Nc3 O-O 6. Bg2 Ne4 7. Qc2 c6 8. O-O
Bxc3 9. bxc3 Qa5 10. Bb2 Nd7 11. cxd5 exd5 12. Nd2 Nxd2 13. Qxd2 Nf6 14. Qd3
Re8 15. c4 dxc4 16. Qxc4 Qd2 17. Bc3 Qxe2 18. Qc5 Qe7 19. Rab1 Be6 20. Rb2 Bd5
21. Rfb1 b6 22. Qxe7 Rxe7 23. a4 Bxg2 24. Kxg2 Nd5 25. Rc1 Re4 26. a5 b5 27. f3
Re6 28. Bb4 a6 29. Bc5 Ne3+ 30. Kf2 Nc4 31. Ra2 Rae8 32. Rcc2 f5 33. f4 Kf7 34.
Bb6 Re4 35. Rc3 Ke6 36. Rd3 Kd5 37. Bc5 Re3 38. Rd1 R8e6 39. Rb1 Rh6 40. Kg2
Rd3 41. Re1 Re6 42. Rxe6 Kxe6 43. Re2+ Kd5 44. Re7 Nxa5 45. Ra7 Nb3 46. Rxg7
Nxc5 47. dxc5 b4 48. Rxh7 b3 49. Rb7 Rd2+ 50. Kf3 Kc4 51. h4 b2 52. h5 Rd3+ 0-1

[Event "Quebec op U1700"]
[Site "Laval CAN"]
[Date "2022.09.01"]
[Round "1.43"]
[White "Lafer, Michael Barry jr"]
[Black "Raduica, Gheorghe"]
[Result "1-0"]
[WhiteElo "1568"]
[BlackElo "1472"]
[PlyCount "102"]
[EventDate "2022.09.01"]
[EventType "swiss"]
[EventRounds "9"]
[EventCountry "CAN"]

1. e4 c5 2. Nf3 e6 3. d4 cxd4 4. Nxd4 a6 5. Nc3 Be7 6. Be3 Nc6 7. Be2 Nxd4 8.
Qxd4 f6 9. f4 Nh6 10. O-O-O Nf7 11. g4 d6 12. f5 Qc7 13. fxe6 Bxe6 14. Nd5 Bxd5
15. Qxd5 Rc8 16. Rd2 Ne5 17. h4 Qc6 18. Qe6 Qd7 19. Qb3 Qc6 20. g5 Qxe4 21. Rf1
Nc4 22. Bxc4 Qxc4 23. Qxc4 Rxc4 24. gxf6 gxf6 25. Bf4 Kd7 26. Rg2 h5 27. Rg7
Re4 28. Bg3 Rg4 29. Rxg4 hxg4 30. Rf4 f5 31. Rxf5 Bxh4 32. Bxh4 Rxh4 33. Rf2
Rh1+ 34. Kd2 g3 35. Rf7+ Kc6 36. Rg7 Rh2+ 37. Kd3 g2 38. c4 g1=Q 39. Rxg1 Rxb2
40. Ra1 Kc5 41. Kc3 Rb4 42. Rd1 Rxc4+ 43. Kb2 b5 44. a3 a5 45. Kb3 Rd4 46. Rc1+
Kd5 47. Rh1 a4+ 48. Kb2 Rd3 49. Rh5+ Kc4 50. Rh4+ Rd4 51. Rh3 d5 1-0

[Event "Quebec op U1700"]
[Site "Laval CAN"]
[Date "2022.09.01"]
[Round "1.44"]
[White "Duguay-Piron, Simon"]
[Black "Tachijian, Mardig"]
[Result "1-0"]
[WhiteElo "1416"]
[BlackElo "1552"]
[PlyCount "127"]
[EventDate "2022.09.01"]
[EventType "swiss"]
[EventRounds "9"]
[EventCountry "CAN"]

1. e4 g6 2. d4 d6 3. Nf3 Bg7 4. c3 Nf6 5. Bd3 Nbd7 6. Bg5 b6 7. Nbd2 c5 8. O-O
O-O 9. h3 Bb7 10. Rc1 h6 11. Be3 a6 12. Qc2 b5 13. e5 dxe5 14. Nxe5 Nxe5 15.
dxe5 Qd5 16. Nf3 Nd7 17. c4 Qe6 18. Be4 Bxe4 19. Qxe4 Nxe5 20. Bxc5 Nxf3+ 21.
Qxf3 bxc4 22. Rfe1 Qf6 23. Qxf6 Bxf6 24. Bxe7 Bxe7 25. Rxe7 Rfc8 26. Re4 Rab8
27. Rc2 Kg7 28. Kf1 a5 29. Re5 Ra8 30. Ke2 Kf6 31. Re4 Rab8 32. Ke3 a4 33.
Rexc4 Rxc4 34. Rxc4 Rxb2 35. Rxa4 Rb5 36. Rd4 g5 37. Rd2 Ke5 38. Kd3 Rc5 39. a4
f5 40. Ra2 Ra5 41. Kc4 g4 42. hxg4 fxg4 43. Kb4 Ra8 44. a5 Kd5 45. Rc2 Rb8+ 46.
Ka4 Ra8 47. Kb5 Rb8+ 48. Ka6 h5 49. Ka7 Rb5 50. a6 h4 51. Rc7 Rb2 52. Rg7 Rb4
53. Rh7 g3 54. fxg3 hxg3 55. Rg7 Rb3 56. Rb7 Ra3 57. Kb6 Rb3+ 58. Kc7 Rc3+ 59.
Kb8 Re3 60. a7 Re8+ 61. Kc7 Ra8 62. Kb6 Ke4 63. Rf7 Rd8 64. Kb7 1-0

[Event "Quebec op U1700"]
[Site "Laval CAN"]
[Date "2022.09.01"]
[Round "1.45"]
[White "Duplessis, Claude"]
[Black "Laroche, Martin"]
[Result "0-1"]
[WhiteElo "1551"]
[BlackElo "1416"]
[PlyCount "90"]
[EventDate "2022.09.01"]
[EventType "swiss"]
[EventRounds "9"]
[EventCountry "CAN"]

1. e4 e5 2. Nf3 Nc6 3. Bb5 a6 4. Ba4 Nf6 5. O-O b5 6. Bb3 d6 7. Re1 Be7 8. h3
Na5 9. c3 Nxb3 10. Qxb3 Be6 11. Qc2 h6 12. d4 exd4 13. cxd4 O-O 14. Nc3 Nh7 15.
Be3 Ng5 16. Nxg5 Bxg5 17. Qd2 Bxe3 18. Qxe3 f5 19. e5 f4 20. Qf3 d5 21. b4 c6
22. Rac1 Qb6 23. Ne2 a5 24. a3 axb4 25. axb4 Ra4 26. Qc3 f3 27. Ng3 fxg2 28.
Kxg2 Ra2 29. Re2 Rxe2 30. Nxe2 Qd8 31. Qe3 Qd7 32. Nf4 Rf5 33. h4 Qf7 34. Nxe6
Qxe6 35. f4 Qe7 36. e6 Qxh4 37. e7 Qg4+ 38. Kf1 Rxf4+ 39. Ke1 Qh4+ 40. Kd2
Rxd4+ 41. Ke2 Qh5+ 42. Kf2 Re4 43. Qg3 Rxe7 44. Rxc6 Qe2+ 45. Kg1 Qd1+ 0-1

[Event "Quebec op U1700"]
[Site "Laval CAN"]
[Date "2022.09.01"]
[Round "1.46"]
[White "Miron, Gilles"]
[Black "Laporte, Michel"]
[Result "0-1"]
[WhiteElo "1388"]
[BlackElo "1528"]
[PlyCount "96"]
[EventDate "2022.09.01"]
[EventType "swiss"]
[EventRounds "9"]
[EventCountry "CAN"]

1. e4 d6 2. d4 g6 3. Bc4 Bg7 4. Nf3 Nf6 5. Nc3 O-O 6. O-O Nxe4 7. Ne2 d5 8. Bb3
c6 9. c3 Nd7 10. Ng3 Ndf6 11. Bc2 Qd6 12. Nd2 Nxg3 13. hxg3 Ng4 14. Nf3 e5 15.
Nh2 h5 16. Nxg4 hxg4 17. f4 gxf3 18. Qxf3 exd4 19. Bf4 Be5 20. Bxe5 Qxe5 21.
Rae1 Qg7 22. Qf6 Qxf6 23. Rxf6 Kg7 24. Ref1 Bf5 25. Bxf5 Kxf6 26. Bc8+ Kg7 27.
Bxb7 Rab8 28. Bxc6 Rfd8 29. cxd4 Rxb2 30. a4 Rd6 31. Be8 f5 32. g4 Kf8 33. Bxg6
Rxg6 34. Rxf5+ Ke7 35. g5 Kd6 36. Kh2 Rb4 37. Rf7 Rxa4 38. Rh7 a5 39. Rh6 Rxh6+
40. gxh6 Rxd4 41. Kh3 Re4 42. g4 Re8 43. g5 Ke6 44. Kg4 Kf7 45. Kf5 a4 46. g6+
Kg8 47. Kf6 Rf8+ 48. Ke5 a3 0-1

[Event "Quebec op U1700"]
[Site "Laval CAN"]
[Date "2022.09.01"]
[Round "1.47"]
[White "Duval, Mathieu"]
[Black "Bergeron, Jean-Guy"]
[Result "1-0"]
[WhiteElo "1524"]
[BlackElo "1370"]
[PlyCount "95"]
[EventDate "2022.09.01"]
[EventType "swiss"]
[EventRounds "9"]
[EventCountry "CAN"]

1. d4 Nc6 2. c4 e5 3. d5 Bb4+ 4. Bd2 Bxd2+ 5. Nxd2 Nce7 6. Ngf3 Ng6 7. e4 Nf6
8. Bd3 O-O 9. O-O d6 10. Rc1 c5 11. dxc6 bxc6 12. c5 dxc5 13. Bb1 Ba6 14. Re1
Qb6 15. Qc2 Nd7 16. Nb3 c4 17. Nbd2 Nf6 18. Nxc4 Bxc4 19. Qxc4 Ng4 20. Re2 Nf4
21. Rec2 Rac8 22. h3 Nf6 23. Nxe5 c5 24. Nd3 Ne6 25. e5 Nd7 26. Qe4 Nd4 27.
Nxc5 Nxc2 28. Bxc2 g6 29. Nxd7 Qxb2 30. Qe3 Rfd8 31. e6 fxe6 32. Qxe6+ Kh8 33.
Re1 Rxc2 34. Qf7 Qg7 35. Re8+ Rxe8 36. Qxe8+ Qg8 37. Qe5+ Qg7 38. Qb8+ Qg8 39.
Qxa7 Rxa2 40. Qd4+ Qg7 41. Ne5 Ra7 42. Qd5 Qf6 43. Qd4 Qg7 44. f4 Rb7 45. Qa1
Re7 46. Qa8+ Qg8 47. Qa5 Qg7 48. Qd8+ 1-0

[Event "Quebec op U1700"]
[Site "Laval CAN"]
[Date "2022.09.01"]
[Round "1.48"]
[White "Thouin, Hubert"]
[Black "Bourassa, Louis"]
[Result "0-1"]
[WhiteElo "1316"]
[BlackElo "1511"]
[PlyCount "78"]
[EventDate "2022.09.01"]
[EventType "swiss"]
[EventRounds "9"]
[EventCountry "CAN"]

1. c4 e6 2. Nc3 Nf6 3. Nf3 Nc6 4. g3 b6 5. Bg2 Bb7 6. O-O Bc5 7. d4 Bb4 8. Bg5
Bxc3 9. bxc3 h6 10. Bxf6 Qxf6 11. Ne5 Na5 12. Bxb7 Nxb7 13. Qa4 Nc5 14. Qc2 Nb7
15. Qe4 Rb8 16. f4 Nd6 17. Qf3 Qf5 18. d5 f6 19. dxe6 fxe5 20. exd7+ Qxd7 21.
Qh5+ Nf7 22. fxe5 O-O 23. Rad1 Qe6 24. Qf5 Qxe5 25. Qxe5 Nxe5 26. Rxf8+ Rxf8
27. c5 Kf7 28. Rf1+ Ke7 29. Rxf8 Kxf8 30. cxb6 axb6 31. Kf2 Ke7 32. h3 Ke6 33.
Ke3 c5 34. a4 Nc4+ 35. Kf4 Nb2 36. e4 Nxa4 37. c4 Nb2 38. Kg4 Nxc4 39. Kh5 Kf7
0-1

[Event "Quebec op U1700"]
[Site "Laval CAN"]
[Date "2022.09.01"]
[Round "1.49"]
[White "Levasseur, Sylvain"]
[Black "Houde-Belle-Isle, Raphael"]
[Result "1/2-1/2"]
[WhiteElo "1509"]
[BlackElo "1310"]
[PlyCount "86"]
[EventDate "2022.09.01"]
[EventType "swiss"]
[EventRounds "9"]
[EventCountry "CAN"]

1. e4 e5 2. Nf3 Nc6 3. Bc4 Bc5 4. d3 h6 5. c3 d6 6. Nbd2 Nf6 7. h3 O-O 8. O-O
Ne7 9. Nh2 Ng6 10. Ndf3 Bb6 11. Re1 Be6 12. Bb3 Bxb3 13. axb3 Qd7 14. Nf1 Rad8
15. Ne3 Nf4 16. Nc4 N6h5 17. Nxb6 axb6 18. Bxf4 Nxf4 19. Nh4 Qe7 20. Nf5 Qg5
21. Qf3 g6 22. Ng3 Kh7 23. Kh2 Ne6 24. b4 Ng7 25. Re2 f5 26. exf5 Nxf5 27. Nxf5
Qxf5 28. Qxb7 Rf7 29. Qe4 Qg5 30. Qg4 Qe7 31. Qe4 Rf4 32. Qc6 Qd7 33. Qb7 Qf7
34. f3 Rd7 35. Ra7 h5 36. Rf2 Qe6 37. Qc8 Qe7 38. Ra8 Qg7 39. Rf1 Rdf7 40. Qb7
Rf8 41. Ra7 R4f7 42. Qc6 Re7 43. Re1 Rff7 1/2-1/2

[Event "Quebec op U1700"]
[Site "Laval CAN"]
[Date "2022.09.01"]
[Round "1.50"]
[White "Peloquin, Charli"]
[Black "Morais, Antoine"]
[Result "1/2-1/2"]
[WhiteElo "1298"]
[BlackElo "1507"]
[PlyCount "127"]
[EventDate "2022.09.01"]
[EventType "swiss"]
[EventRounds "9"]
[EventCountry "CAN"]

1. c4 Nf6 2. g3 g6 3. Nf3 Bg7 4. Bg2 O-O 5. O-O d6 6. d4 c6 7. Nc3 Bf5 8. Qb3
Qb6 9. Qxb6 axb6 10. b3 Ne4 11. Bb2 Na6 12. Nh4 Nxc3 13. Bxc3 Be6 14. e4 Nc7
15. e5 d5 16. cxd5 Nxd5 17. Bxd5 Bxd5 18. f4 Ra6 19. Bb4 Rfa8 20. Bxe7 Bxb3 21.
a3 Bf8 22. Bxf8 Kxf8 23. f5 Ke7 24. fxg6 hxg6 25. Nf3 Rxa3 26. Rxa3 Rxa3 27.
Nd2 Bd5 28. Rf4 Ra4 29. Kf2 c5 30. Nb1 Ra2+ 31. Ke3 Rxh2 32. Nc3 cxd4+ 33. Rxd4
Bc6 34. Rb4 Ke6 35. Kd4 Rg2 36. Ne4 Ke7 37. Rxb6 Bxe4 38. Kxe4 Rxg3 39. Rxb7+
Kf8 40. Kf4 Rg1 41. Rb6 Kg7 42. Rb7 Kh6 43. Kf3 Rf1+ 44. Kg4 Rf5 45. Rc7 Rxe5
46. Rxf7 Re4+ 47. Kg3 Kg5 48. Rf3 Re1 49. Rb3 Rg1+ 50. Kf2 Rg4 51. Rc3 Kh4 52.
Rb3 g5 53. Rc3 Rf4+ 54. Kg2 Rd4 55. Rb3 g4 56. Rc3 Rd2+ 57. Kg1 g3 58. Rc8 Re2
59. Rh8+ Kg4 60. Rg8+ Kf3 61. Rf8+ Ke3 62. Re8+ Kd2 63. Rxe2+ Kxe2 64. Kg2
1/2-1/2

[Event "Quebec op U1700"]
[Site "Laval CAN"]
[Date "2022.09.01"]
[Round "1.51"]
[White "Girard-Plouffe, Francois"]
[Black "Yang, Jing Yao"]
[Result "0-1"]
[WhiteElo "1499"]
[BlackElo "1259"]
[PlyCount "74"]
[EventDate "2022.09.01"]
[EventType "swiss"]
[EventRounds "9"]
[EventCountry "CAN"]

1. d4 Nf6 2. c4 g6 3. Nf3 Bg7 4. g3 d6 5. Bg2 O-O 6. O-O Nbd7 7. Nc3 e5 8. dxe5
Nxe5 9. Nxe5 dxe5 10. e4 c6 11. Qc2 Be6 12. b3 Qc7 13. Bb2 Rfd8 14. Rad1 Bf8
15. h3 Bc5 16. Bc1 Nh5 17. Kh2 Rxd1 18. Rxd1 Rd8 19. Qe2 Bd4 20. Qf3 a6 21. Bg5
Rd6 22. Na4 b5 23. cxb5 cxb5 24. Rc1 Qa7 25. g4 Ng7 26. Nc3 Bxf2 27. Nd5 Bd4
28. Rc7 Qb8 29. Nf6+ Kh8 30. Re7 Bc5 31. Bh6 Rd8 32. Rxe6 fxe6 33. Qc3 Bd4 34.
Qc6 Qc8 35. Qxc8 Rxc8 36. h4 Rc2 37. a4 b4 0-1

[Event "Quebec op U1700"]
[Site "Laval CAN"]
[Date "2022.09.02"]
[Round "2.36"]
[White "Laroche, Martin"]
[Black "Novozhenin, Oleksandr"]
[Result "0-1"]
[WhiteElo "1416"]
[BlackElo "1593"]
[PlyCount "158"]
[EventDate "2022.09.01"]
[EventType "swiss"]
[EventRounds "9"]
[EventCountry "CAN"]

1. e4 e6 2. d4 d5 3. exd5 exd5 4. Nf3 Nf6 5. c3 Bf5 6. Bd3 Bg6 7. O-O Be7 8.
Bf4 Nbd7 9. h3 Ne4 10. Ne5 Nxe5 11. Bxe5 O-O 12. Qc2 Bd6 13. Bxd6 Nxd6 14. Nd2
Qh4 15. Nf3 Bxd3 16. Qxd3 Qe4 17. Qxe4 Nxe4 18. Rad1 Rfe8 19. Ne5 f6 20. Nd3
Re7 21. Rfe1 Rae8 22. Kf1 Kf7 23. f3 Ng3+ 24. Kf2 Nf5 25. Rxe7+ Rxe7 26. Re1
Rxe1 27. Nxe1 Nd6 28. Nd3 Nc4 29. g4 g5 30. Kg3 c6 31. h4 h6 32. h5 Ke7 33. f4
a5 34. a4 b5 35. axb5 cxb5 36. f5 a4 37. Kf3 Nxb2 38. Nb4 Kd6 39. Ke2 Nc4 40.
Na2 Na5 41. Nb4 Nc6 42. Nc2 Kc7 43. Kd3 Kb6 44. Nb4 Ne7 45. Ke3 Ka5 46. Kd3 Kb6
47. Kd2 Kc7 48. Kd3 Kd6 49. Kd2 Nc6 50. Kd3 Na5 51. Nc2 Nc4 52. Nb4 a3 53. Na2
Kd7 54. Nb4 Nd6 55. Kc2 Ne4 56. Nxd5 Kd6 57. Ne3 a2 58. Kb2 Nxc3 59. Nc2 Ne2
60. Kxa2 Kd5 61. Kb2 Nxd4 62. Nb4+ Ke4 63. Kc3 Ne2+ 64. Kd2 Nf4 65. Nc2 Kf3 66.
Ne3 b4 67. Nc2 Kxg4 68. Nxb4 Kxf5 69. Ke3 Kg4 70. Nc2 Nxh5 71. Nd4 Ng3 72. Kf2
h5 73. Nf3 h4 74. Nh2+ Kh5 75. Kf3 f5 76. Nf1 Kg6 77. Ne3 Kf6 78. Ng2 g4+ 79.
Ke3 h3 0-1

[Event "Quebec op U1700"]
[Site "Laval CAN"]
[Date "2022.09.02"]
[Round "2.37"]
[White "Chasles, Jean-Benoit"]
[Black "Levasseur, Sylvain"]
[Result "1/2-1/2"]
[WhiteElo "1423"]
[BlackElo "1509"]
[PlyCount "89"]
[EventDate "2022.09.01"]
[EventType "swiss"]
[EventRounds "9"]
[EventCountry "CAN"]

1. e4 c6 2. Nf3 d5 3. Nc3 Bg4 4. h3 Bxf3 5. Qxf3 e6 6. d3 Nd7 7. Be2 Ne7 8. Bg5
d4 9. Nd1 Qa5+ 10. Bd2 Qd8 11. c3 dxc3 12. Bxc3 Ng6 13. d4 Nb6 14. b3 Qg5 15.
Ne3 Nh4 16. Qg3 Qxg3 17. fxg3 Ng6 18. O-O Nd7 19. Ng4 a6 20. Rad1 Ne7 21. Bf3
Rc8 22. Bb2 f6 23. Rd2 Nb6 24. Ne3 Ng6 25. Kh2 Bb4 26. Rc2 O-O 27. Rfc1 Ne7 28.
a3 Bd6 29. d5 e5 30. dxc6 Nxc6 31. Bg4 Rcd8 32. Nf5 Bb8 33. a4 Rfe8 34. Ba3 g6
35. Ne3 h5 36. Bf3 Nd4 37. Rc3 Nxf3+ 38. gxf3 Rc8 39. Rxc8 Rxc8 40. Rxc8+ Nxc8
41. Nd5 Kf7 42. Bb4 Bd6 43. Ba5 Ne7 44. Ne3 Nc6 45. Nc4 1/2-1/2